Central Library OPAC University of Rajshahi

From Luther to Hitler: (Record no. 17493)

MARC details
000 -LEADER
fixed length control field 00997cam a22002891 4500
001 - CONTROL NUMBER
control field 17493
003 - CONTROL NUMBER IDENTIFIER
rucl marc code BD-RjUL
005 - DATE AND TIME OF LATEST TRANSACTION
control field 20211209000141.0
008 - FIXED-LENGTH DATA ELEMENTS--GENERAL INFORMATION
fixed length control field 140217s1941 mau b 001 0 eng d
035 ## - SYSTEM CONTROL NUMBER
System control number (BD-RjUL)17551
System control number (OCoLC)494046
040 ## - CATALOGING SOURCE
Original cataloging agency DLC
Transcribing agency ODaWU
Modifying agency OCoLC
-- WyU
-- DLC
-- BD-RjUL
Language of cataloging eng
041 ## - LANGUAGE CODE
Language code of text/sound track or separate title eng
082 ## - DEWEY DECIMAL CLASSIFICATION NUMBER
Classification number 321.908
Author mark and year MCF 1941
100 1# - MAIN ENTRY--PERSONAL NAME
Personal name McGovern, William Montgomery,
Dates associated with a name 1897-1964.
9 (RLIN) 53918
245 10 - TITLE STATEMENT
Title From Luther to Hitler:
Remainder of title the history of fascist-nazi political philosophy /
Statement of responsibility, etc. William Montgomery McGovern .
260 ## - PUBLICATION, DISTRIBUTION, ETC. (IMPRINT)
Place of publication, distribution, etc. Boston ;
-- New York :
Name of publisher, distributor, etc. Houghton Mifflin,
Date of publication, distribution, etc. c1941
300 ## - PHYSICAL DESCRIPTION
Pagination xiv, 683 p. :
Size 22 cm.
500 ## - GENERAL NOTE
General note "Under the editorship of Edward M. Sait."
504 ## - BIBLIOGRAPHY, ETC. NOTE
Bibliography, etc Bibliography at end of each chapter.
650 #0 - SUBJECT ADDED ENTRY--TOPICAL TERM
Topical term or geographic name as entry element Totalitarianism.
9 (RLIN) 5792
Topical term or geographic name as entry element Political science
General subdivision History.
9 (RLIN) 11471
Topical term or geographic name as entry element Philosophy, Modern.
9 (RLIN) 53919
700 1# - ADDED ENTRY--PERSONAL NAME
Personal name Sait, Edward McChesney,
Dates associated with a name 1881-1943.
Relator term ed.
942 ## - ADDED ENTRY ELEMENTS (KOHA)
Source of classification or shelving scheme Dewey Decimal Classification
Koha item type Books
Holdings
Lost status Source of classification or shelving scheme Damaged status Not for loan Collection code Permanent Location Current Location Shelving location Date acquired Source of acquisition Cost, normal purchase price Total Checkouts Full call number Date last seen Copy number Koha item type
  Dewey Decimal Classification     Non-fiction Central Library, University of Rajshahi Central Library, University of Rajshahi Reading Room 09/05/1964 Zetlinger 401.00   321.908 MCF 1941 17/02/2014 C-3 Books
  Dewey Decimal Classification     Non-fiction Central Library, University of Rajshahi Central Library, University of Rajshahi   08/06/1964 Zaittinger 62.00   321.908 MCF 1941 10/05/2016 C-1 Books
  Dewey Decimal Classification     Non-fiction Central Library, University of Rajshahi Central Library, University of Rajshahi   08/06/1964 Zaittinger 62.00   321.908 MCF 1941 10/05/2016 C-2 Books
  Dewey Decimal Classification     Non-fiction Central Library, University of Rajshahi Central Library, University of Rajshahi   09/05/1964 Zaittinger 62.00   321.908 MCF 1941 10/05/2016 C-4 Books
  Dewey Decimal Classification     Non-fiction Central Library, University of Rajshahi Central Library, University of Rajshahi   09/05/1964 Zaittinger 62.00   321.908 MCF 1941 10/05/2016 C-5 Books